| 000 | 01385nam a22003254a 4500 | ||
|---|---|---|---|
| 001 | ebr10064747 | ||
| 003 | CaPaEBR | ||
| 006 | m u | ||
| 007 | cr cn||||||||| | ||
| 008 | 000615s2000 cauaf sb s001 0 eng | ||
| 010 | _z 00055966 | ||
| 020 | _z0520210212 (cloth : alk. paper) | ||
| 020 | _z0520210220 (pbk. : alk. paper) | ||
| 040 |
_aCaPaEBR _cCaPaEBR |
||
| 035 | _a(OCoLC)70750594 | ||
| 050 | 1 | 4 |
_aNX504 _b.P465 2000eb |
| 082 | 0 | 4 |
_a709/.2/273 _221 |
| 245 | 0 | 0 |
_aPerformance artists talking in the eighties _h[electronic resource] : _bsex, food, money/fame, ritual/death / _ccompiled by Linda M. Montano. |
| 260 |
_aBerkeley : _bUniversity of California Press, _cc2000. |
||
| 300 |
_axvi, 537 p., [32] p. of plates : _bill. |
||
| 500 | _a"Ahmanson Murphy fine arts imprint." | ||
| 504 | _aIncludes bibliographical references and index. | ||
| 533 |
_aElectronic reproduction. _bPalo Alto, Calif. : _cebrary, _d2013. _nAvailable via World Wide Web. _nAccess may be limited to ebrary affiliated libraries. |
||
| 650 | 0 |
_aPerformance artists _zUnited States _vInterviews. |
|
| 650 | 0 |
_aPerformance art _zUnited States. |
|
| 655 | 7 |
_aElectronic books. _2local |
|
| 700 | 1 |
_aMontano, Linda, _d1942- |
|
| 710 | 2 | _aebrary, Inc. | |
| 856 | 4 | 0 |
_uhttp://site.ebrary.com/lib/rucke/Doc?id=10064747 _zAn electronic book accessible through the World Wide Web; click to view |
| 999 |
_c159902 _d159902 |
||